Český obchod v roku 2003
Český obchod sa v uplynulom desaťročí radikálne zmenil, a to najmä vďaka výstavbe nových veľkoplošných predajní. Vývoj počtu hypermarketov. Vývoj trhového podielu TOP 10. Vzrastie dôraz na úroveň manažmentu a efektivitu prevádzky. Postupné doznievanie hypermarketov.
Salvato in:
| Natura: | Capitolo di libro |
|---|---|
| Lingua: | slovacco |
| Soggetti: | |
| Tags: |
Nessun Tag, puoi essere il primo ad aggiungerne!!
|
MARC
| LEADER | 00000naa a2200000 4500 | ||
|---|---|---|---|
| 001 | r042473 | ||
| 005 | 20231004093759.9 | ||
| 041 | 0 | |a slo | |
| 044 | |a SK | ||
| 245 | 1 | 0 | |a Český obchod v roku 2003 |
| 520 | |a Český obchod sa v uplynulom desaťročí radikálne zmenil, a to najmä vďaka výstavbe nových veľkoplošných predajní. Vývoj počtu hypermarketov. Vývoj trhového podielu TOP 10. Vzrastie dôraz na úroveň manažmentu a efektivitu prevádzky. Postupné doznievanie hypermarketov. | ||
| 610 | 2 | 0 | |a obchod |
| 610 | 2 | 0 | |a vývoj |
| 610 | 2 | 0 | |a hypermarkety |
| 610 | 2 | 0 | |a Česko |